|
|
|
|
| LEADER |
00878nam a2200277 4500 |
| 001 |
DLU180186714 |
| 005 |
##20180905 |
| 040 |
# |
# |
|a DLU
|b vie
|
| 041 |
# |
# |
|a vie
|
| 044 |
# |
# |
|a vn
|
| 100 |
# |
# |
|a Phạm Thị Nguyệt Nga,
|c ThS.
|
| 245 |
# |
# |
|a Văn hóa giao tiếp của giáo viên mầm non với phụ huynh /
|c Phạm Thị Nguyệt Nga.
|
| 653 |
# |
# |
|a Giáo viên mầm non
|
| 653 |
# |
# |
|a Phụ huynh
|
| 653 |
# |
# |
|a Văn hóa giao tiếp
|
| 773 |
# |
# |
|t Tạp chí dạy và học ngày nay
|g Số 4, 2015, tr.
|
| 773 |
# |
# |
|t Tạp chí dạy và học ngày nay
|g Số 4, 2015, tr. 35-37
|
| 920 |
# |
# |
|a Phòng Tạp chí -- Trung tâm Thông tin - Thư viện Trường Đại học Đà Lạt
|
| 994 |
# |
# |
|a DLU
|
| 900 |
# |
# |
|a True
|
| 911 |
# |
# |
|a Trần Thị Minh Hương
|
| 925 |
# |
# |
|a G
|
| 926 |
# |
# |
|a A
|
| 927 |
# |
# |
|a BB
|
| 980 |
# |
# |
|a Thư viện Trường Đại học Đà Lạt
|